Aplikácia fuzzy logiky v rozhodovacích procesoch na finančných trhoch diplomová práca

Uložené v:
Podrobná bibliografia
Hlavný autor: Poboček, František
Korporativný autor: Fakulta hospodárskej informatiky EU. Katedra matematiky a aktuárstva
Ďalší autori: Strešňáková, Anna, 1976-
Médium: Kniha
Jazyk:Slovak
Vydavateľské údaje: Bratislava 2017
Tagy: Pridať tag
Žiadne tagy, Buďte prvý, kto otaguje tento záznam!

MARC

LEADER 00000nbm a2200000 4500
001 0232949
005 20171005144530.6
041 0 |a slo 
044 |a SK 
245 1 0 |a Aplikácia fuzzy logiky v rozhodovacích procesoch na finančných trhoch  |b diplomová práca  |c František Poboček ; školiteľ: Anna Strešňáková 
264 1 |a Bratislava  |c 2017 
300 |a 63 s. 
100 1 |a Poboček, František 
700 1 |a Strešňáková, Anna, 1976- 
710 2 |a Fakulta hospodárskej informatiky EU. Katedra matematiky a aktuárstva